000 00708nam a2200241 i 4500
001 11757
003 ES-MaACL
005 20230906150153.0
007 t|
008 961018s1995 xxk ||||1| eng d
020 _a0-7141-2303
080 _a299.16:396
080 _a396:299.16
100 1 _aGreen, Miranda.
_959846
245 1 0 _aCeltic goddesses
_b: warriors, virgins and mothers /
_cMiranda Green.
260 _aLondon :
_bBritish Museum Press,
_ccop. 1995.
300 _a224 p. :
_bil. ;
_c24 cm.
500 _aIndices.
504 _aBibliografía : p. 212-219.
650 1 4 _aMitología celta.
_915098
650 1 4 _aMujeres-
_xMitología celta.
_915305
852 _aES-MaACL
_jL-19090
_bR.125258
999 _c11757
_d11757